Daňové odpisy v zmysle zmien zákona

Vymedzenie daňového odpisovania podľa zákona o dani z príjmov č. 595/2003 Z.z. v par. 22 až 29. Nové odpisové skupiny a ich doba odpisovania. Zmeny od roku 2015. Metódy odpisovania.

Salvato in:
Dettagli Bibliografici
Autore principale: Simonidesová, Jana, 1968-
Altri autori: Lukáč, Jozef, 1991-
Natura: Capitolo di libro
Lingua:slovacco
Soggetti:
Tags: Aggiungi Tag
Nessun Tag, puoi essere il primo ad aggiungerne!!

MARC

LEADER 00000naa a2200000 4500
001 0235573
005 20240502073817.4
041 0 |a slo 
044 |a SK 
245 1 0 |a Daňové odpisy v zmysle zmien zákona  |c Jana Simonidesová, Jozef Lukáč 
520 |a Vymedzenie daňového odpisovania podľa zákona o dani z príjmov č. 595/2003 Z.z. v par. 22 až 29. Nové odpisové skupiny a ich doba odpisovania. Zmeny od roku 2015. Metódy odpisovania. 
610 2 0 |a dane z príjmov 
610 2 0 |a zákony 
610 2 0 |a majetok hmotný 
610 2 0 |a odpisy daňové 
100 1 |a Simonidesová, Jana, 1968- 
700 1 |a Lukáč, Jozef, 1991-